000 01894cam a2200265 i 4500
005 20260513070657.0
008 141205s2015 enk b 001 0 eng
020 _a9780415835671 (pbk.)
082 0 0 _a333.73 WIL
100 _aWilkinson, Sara. J.
245 0 0 _aDeveloping property sustainably /
_cSara J. Wilkinson, Sarah L. Sayce and Pernille H. Christensen.
264 1 _aNew York :
_bRoutledge, Taylor & Francis Group,
_c2015.
300 _axv, 296 p. ;
_c25 cm.
365 _bRS.3691
505 _aForeword Paul Edwards 1. Introduction to Sustainable Property Development Sara J. Wilkinson and Sarah L. Sayce 2. Stakeholders through the Development Process Sara J. Wilkinson and Sarah L. Sayce 3. Site Feasibility Sara J. Wilkinson and Sarah L. Sayce 4. Project Appraisal and the Triple Bottom Line Sarah L. Sayce 5. Financing the Project - Economic Incentives Promoting Sustainable Property Development Chris Eves 6. Planning and Regulatory Issues Impacting Sustainable Property Development Pernille H. Christensen and Sarah L. Sayce 7. Sustainable Construction Issues Sara J. Wilkinson, 8. Procuring the Project in a Sustainable Way Sara J. Wilkinson and Sarah L. Sayce 9. Sustainable Property Reporting and Rating Tools Pernille H. Christensen and Sarah L. Sayce 10. Post Occupancy Evaluation and Building Operation Issues Sara J. Wilkinson and Sarah L. Sayce 11. New Build Versus Adaptation Sara J. Wilkinson Postscript Sara J. Wilkinson and Sarah L. Sayce
650 0 _aReal estate development
650 0 _aSustainable design.
650 0 _aSustainable construction.
700 1 _aWilkinson, Sara.J.
700 1 _aSayce, Sarah.
700 1 _aChristensen, Pernille.
906 _a7
_bcbc
_corignew
_d1
_eecip
_f20
_gy-gencatlg
942 _2ddc
_cBK
999 _c39230
_d39230